Прототип обучающего программного комплекса К.Л.И.О.С.; Уровневая подготовка специалистов: государственные и международные стандарты инженерного образования

Podrobná bibliografie
Parent link:Уровневая подготовка специалистов: государственные и международные стандарты инженерного образования.— 2011.— [С. 154-156]
Korporativní autor: Национальный исследовательский Томский политехнический университет (ТПУ)
Další autoři: Ким К. Х. Кирилл Хабокович, Мамчур Д. В., Куземчик В. Д., Ширыкалова П. Е., Савинов А. П. Анатолий Павлович
Shrnutí:Заглавие с титульного листа
Jazyk:ruština
Vydáno: 2011
Edice:Проблемы, новые технологиии средства электронного обучения (E-learning)
Témata:
On-line přístup:http://www.lib.tpu.ru/fulltext/c/2011/C09/082.pdf
Médium: MixedMaterials Elektronický zdroj Kapitola
KOHA link:https://koha.lib.tpu.ru/cgi-bin/koha/opac-detail.pl?biblionumber=232110

MARC

LEADER 00000nla2a2200000 4500
001 232110
005 20231031203027.0
035 |a (RuTPU)RU\TPU\book\253141 
035 |a RU\TPU\book\253132 
090 |a 232110 
100 |a 20130208d2011 k y0rusy50 ca 
101 0 |a rus 
102 |a RU 
105 |a y z 101zy 
135 |a drnn ---uucaa 
181 0 |a i  
182 0 |a b 
200 1 |a Прототип обучающего программного комплекса К.Л.И.О.С.  |b Электронный ресурс  |f К. Х. Ким [и др.] 
203 |a Текст  |c электронный 
215 |a 1 файл (230 Кб) 
225 1 |a Проблемы, новые технологиии средства электронного обучения (E-learning) 
230 |a Электронные текстовые данные (1 файл : 230 Кб) 
300 |a Заглавие с титульного листа 
337 |a Adobe Reader 
463 1 |0 (RuTPU)RU\TPU\book\243018  |t Уровневая подготовка специалистов: государственные и международные стандарты инженерного образования  |o сборник трудов научно-методической конференции, 10-11 марта 2011 г., Томск  |f Национальный исследовательский Томский политехнический университет (ТПУ)  |v [С. 154-156]  |d 2011 
610 1 |a труды учёных ТПУ 
610 1 |a электронный ресурс 
610 1 |a образовательный процесс 
610 1 |a прототипы 
610 1 |a обучение 
610 1 |a программный комплекс 
701 1 |a Ким  |b К. Х.  |c инженер каф. электроники и автоматики физических установок (ЭАФУ) ФТФ, ТПУ  |f 1982-  |g Кирилл Хабокович  |2 stltpush  |3 (RuTPU)RU\TPU\pers\25933 
701 1 |a Мамчур  |b Д. В. 
701 1 |a Куземчик  |b В. Д. 
701 1 |a Ширыкалова  |b П. Е. 
701 1 |a Савинов  |b А. П.  |c российский ученый, специалист в области искусственного интеллекта  |c доцент Томского политехнического университета, кандидат технических наук  |f 1943-  |g Анатолий Павлович  |2 stltpush  |3 (RuTPU)RU\TPU\pers\25947 
712 0 2 |a Национальный исследовательский Томский политехнический университет (ТПУ)  |c (2009- )  |2 stltpush  |3 (RuTPU)RU\TPU\col\15902 
801 1 |a RU  |b 63413507  |c 20120830 
801 2 |a RU  |b 63413507  |c 20130208  |g RCR 
856 4 |u http://www.lib.tpu.ru/fulltext/c/2011/C09/082.pdf 
942 |c CF